Loading...
| Science - Biology | 0 | 7 | 0 | 1 | 70 | 60 | 87.29 | 0 | 2 | 0.00 | 0.00 |
| Mythology | 0 | 7 | 2 | 0 | 60 | 53 | 69.43 | 0 | 5 | 0.00 | 0.00 |
| Literature - American | 0 | 6 | 0 | 0 | 60 | 54 | 76.00 | 0 | 3 | 0.00 | 0.00 |
| History - World | 0 | 6 | 0 | 2 | 60 | 52 | 80.17 | 1 | 2 | 0.00 | 0.00 |
| Science - Other | 0 | 6 | 0 | 2 | 60 | 23 | 75.50 | 0 | 2 | 0.00 | 0.00 |
| Literature - European | 0 | 6 | 2 | 1 | 50 | 56 | 84.50 | 0 | 5 | 0.00 | 0.00 |
| Literature - British | 0 | 6 | 3 | 0 | 45 | 31 | 57.50 | 2 | 5 | 0.00 | 0.00 |
| Literature - World | 0 | 5 | 2 | 0 | 40 | 19 | 75.40 | 1 | 3 | 0.00 | 0.00 |
| Science - Physics | 0 | 4 | 0 | 3 | 40 | 61 | 95.50 | 0 | 0 | 0.00 | 0.00 |
| Fine Arts - Classical Music | 0 | 5 | 2 | 2 | 40 | 55 | 82.20 | 0 | 3 | 0.00 | 0.00 |
| History - European | 0 | 4 | 1 | 1 | 35 | 65 | 86.75 | 0 | 0 | 0.00 | 0.00 |
| Social Science | 0 | 3 | 0 | 2 | 30 | 104 | 107.67 | 0 | 0 | 0.00 | 0.00 |
| Philosophy | 0 | 4 | 2 | 1 | 30 | 60 | 83.25 | 0 | 0 | 0.00 | 0.00 |
| Religion | 0 | 3 | 0 | 1 | 30 | 77 | 85.67 | 0 | 1 | 0.00 | 0.00 |
| History - American | 0 | 3 | 2 | 1 | 20 | 42 | 74.67 | 0 | 1 | 0.00 | 0.00 |
| Science - Chemistry | 0 | 2 | 0 | 1 | 20 | 86 | 108.50 | 0 | 0 | 0.00 | 0.00 |
| History - Other | 0 | 3 | 2 | 1 | 20 | 69 | 88.00 | 0 | 1 | 0.00 | 0.00 |
| Geography | 0 | 1 | 0 | 0 | 10 | 65 | 65.00 | 1 | 1 | 0.00 | 0.00 |
| Current Events | 0 | 1 | 0 | 1 | 10 | 108 | 108.00 | 0 | 0 | 0.00 | 0.00 |
| Fine Arts - Other | 0 | 1 | 2 | 0 | 0 | 110 | 110.00 | 0 | 1 | 0.00 | 0.00 |
| Fine Arts - Painting and Sculpture | 0 | 1 | 3 | 0 | -5 | 112 | 112.00 | 0 | 0 | 0.00 | 0.00 |
| Popular Culture | 0 | 0 | 2 | 0 | -10 | 0.00 | 0 | 0 | 0.00 | 0.00 |